01360nam a22001217a 4500008004100000100005000041245014700091260003200238300002900270520082000299650008701119773003201206250605b ||||| |||| 00| 0 eng d aWang, Linzhuo Wang, Xinnan and Liu, Xuemei  aProject governance and governance of interorganizational project networks: Toward understanding their relationships and future research agenda aProject Management Journal  a56(1), Feb,2025: p.31-40 aThis article considers and reflects upon the mark that Ralf Müller made through his published research on project governance. From project governance to governance of interorganizational project networks, Müller, along with his coauthors, has made significant contributions to project governance literature. In light of these two decades of theoretical development, we compare and synthesize the key elements of project governance and network governance. We provide a model that integrates project governance and network governance and propose several main themes for future research, including investigation of network governors, network governance design, mechanisms and principles, and its impact on improved project performance.- Reproduced https://journals.sagepub.com/doi/full/10.1177/87569728241241506  aProject governance, Governance of interorganiazational networks, Research agenda.  aProject Management Journal